| 000 | 00984cam a22001934a 4500 | ||
|---|---|---|---|
| 005 | 20250605164240.0 | ||
| 008 | 250528s ||||||||||||||||||||||||d | ||
| 035 | _a21307 | ||
| 020 | _a9781449648206 | ||
| 040 |
_aGR-AtMCL _bgre _dGR-AtMCL _eAACR2 |
||
| 245 | 1 | _aElementary Information Security | |
| 260 |
_bJones And Bartlett Learning, _c2013 |
||
| 300 | _a890 | ||
| 520 | _aThis book covers the complete breadth of essential topics within information security. Preface, Security from the Ground Up, Controlling a Computer, Controlling Files, Sharing Files, Storing Files, Authenticating People, Encrypting Files, Secret and Public Keys, Encrypting Volumes, Connecting Computers, Networks of Networks, End-to-End Networking, Network Encryption, Internet Services and Email, The World Wide Web, Governments and Secrecy, Acronyms, Alternative Security Terms and Concepts, Index, Credits. | ||
| 700 | 1 |
_aSmith Richard E _97360 |
|
| 942 | _cBK | ||
| 999 |
_c6372 _d6372 |
||